[Event "Manhem Chess Week-GM 2019"]
[Site "Moelnlycke"]
[Date "2019.08.12"]
[Round "4.4"]
[White "Haubro, Martin"]
[Black "Wiedenkeller, Michael"]
[Result "0-1"]
[WhiteElo "2356"]
[BlackElo "2461"]
[Annotator "TA"]
[PlyCount "74"]
[EventDate "2019.08.10"]
[EventType "tourn"]
[EventCountry "SWE"]
[SourceTitle "playchess.com"]
[Source "ChessBase"]
[SourceQuality "1"]

{[%evp 9,74,12,17,14,14,5,18,21,18,8,17,0,0,0,7,0,0,0,10,0,0,0,7,0,8,8,6,-1,-1,-5,0,8,26,14,56,56,50,42,45,52,41,41,125,131,166,31,25,26,23,15,16,6,20,0,0,0,4,0,89,136,129,101,102,-339,-365,-467,-472]} 1. e4 e5 2. Nf3 Nc6 3. Bb5 Nf6 4. d3 Bc5 5. c3 d5 (5... O-O 6. O-O d6 7. Ba4 Ne7 8. Bc2 Ng6 9. d4 Bb6 10. a4 c6 11. dxe5 Nxe5 12. Nxe5 dxe5 13. Qxd8 Rxd8 14. a5 Bc5 {1-0 (39) Carlsen,M (2845)-Grischuk,A (2771) Shamkir 2019}) 6. exd5 {C65: Ruy Lopez: Berlin Defence (3...Nf6), unusual lines and 4 0-0 Bc5} Qxd5 7. Bc4 Qd6 8. b4 {The position is equal.} Bb6 9. a4 O-O 10. O-O {[#] And now a5 would win.} e4 $1 {[%cal Re4f3]} 11. dxe4 Qxd1 $1 12. Rxd1 Nxe4 13. Rf1 $1 {[#]} Nd6 $146 14. Bd3 {Hoping for a5.} a5 15. b5 Ne7 16. Ba3 Bg4 17. Nbd2 {aiming for c4.} Nd5 18. Ne5 Be6 19. Rfc1 Nf4 {White must now prevent ...f6.} 20. Bf1 $1 Rfe8 21. Nef3 Nf5 22. g3 Ng6 23. Nc4 Bxc4 24. Bxc4 Nd6 25. Bd5 Ne7 ({Black should try} 25... Re2 $14) 26. Bb3 $16 Nef5 27. Rc2 ({White has to play} 27. g4 $18) 27... Ne4 $14 28. Bd5 Nfd6 29. c4 {Strongly threatening c5.} Bc5 30. Bb2 Rac8 31. Ne5 Bb4 32. h4 Re7 33. h5 Rce8 (33... h6 $11) 34. Nd3 $16 Nc5 35. Nxb4 axb4 36. Bd4 $2 {[%mdl 8192]} (36. a5 $16 {is forced if you want to stay better.}) 36... Nb3 $1 $19 {[%csl LRa1,LRd4][%mdl 64] [#] Double Attack} 37. Rd1 Re1+ {Accuracy: White = 56%, Black = 63%.} 0-1

[Event "Manhem Chess Week-GM 2019"]
[Site "Moelnlycke"]
[Date "2019.08.12"]
[Round "4.5"]
[White "Hector, Jonny"]
[Black "Lindgren, Philip"]
[Result "1-0"]
[WhiteElo "2487"]
[BlackElo "2362"]
[Annotator "TA"]
[PlyCount "61"]
[EventDate "2019.08.10"]
[EventType "tourn"]
[EventCountry "SWE"]
[SourceTitle "playchess.com"]
[Source "ChessBase"]
[SourceQuality "1"]

{[%evp 18,61,22,33,73,35,27,0,0,0,0,0,0,0,3,16,72,73,115,116,109,106,139,110,147,131,138,130,164,122,122,113,108,74,126,75,128,127,120,120,200,187,548,396,758,591]} 1. e4 e5 2. Nf3 Nf6 3. Nxe5 d6 4. Nf3 Nxe4 5. d4 d5 6. Bd3 Nc6 7. O-O Be7 8. c4 Nb4 9. cxd5 Nxd3 10. Qxd3 Nf6 {C42: Petroff Defence: 3 Nxe5 and unusual White 3rd moves} (10... Qxd5 11. Re1 Bf5 12. g4 Bg6 13. Qc3 f6 14. Qxc7 O-O {½-½ (14) Wei,Y (2709)-Wang,Y (2737) Shenzhen 2016}) 11. Nc3 Nxd5 12. Nxd5 Qxd5 {The position is equal.} 13. Re1 Be6 14. Re5 Qd7 $146 ({Predecessor:} 14... Qd8 15. Qe2 c6 16. Ng5 Bxg5 17. Bxg5 {½-½ (17) Yandemirov,V (2523)-Kirpichnikov,V (2380) Togliatti 2007}) 15. d5 {aiming for Bg5.} c6 {[%cal Re6d5]} 16. Bg5 $36 {[%mdl 2048] White is more active.} cxd5 (16... Bxg5 $11 {remains equal.} 17. Qa3 (17. Nxg5 O-O-O $11) 17... Bf6 18. dxe6 fxe6) 17. Rae1 $16 O-O-O 18. Bxe7 Qxe7 19. Nd4 Rhe8 20. Nf5 Qf8 {[#]} 21. Qg3 $1 {Rc1+ is the strong threat.} Qc5 22. Nxg7 {Threatens to win with Qf4.} ({But not} 22. Qxg7 Kb8 $14) 22... Rg8 23. Rg5 Rgf8 24. h4 Qd6 25. Rge5 Bd7 (25... d4 $142) 26. Qd3 ({White should try} 26. Qc3+ Kb8 27. Qd4) 26... d4 (26... Qf6 $142) 27. Qc4+ Kb8 28. Rd5 {[%mdl 64] [#] Double Attack} Qc6 (28... Qb6 $16) 29. Qxd4 $18 {And now Nf5 would win.} Rg8 $2 (29... Qb6 {is tougher.} 30. Qxb6 axb6) 30. Rd1 Kc8 $2 (30... Qg6 31. Qe5+ (31. Rxd7 Rxd7 32. Qxd7 a6 $18) 31... Ka8) 31. Nf5 {Played: Rd5-c5} 1-0

[Event "Manhem Chess Week-GM 2019"]
[Site "Moelnlycke"]
[Date "2019.08.13"]
[Round "5.1"]
[White "Blomqvist, Erik"]
[Black "Seo, Jung Min"]
[Result "1/2-1/2"]
[WhiteElo "2492"]
[BlackElo "2399"]
[Annotator "ChessBase"]
[PlyCount "109"]
[EventDate "2019.08.10"]
[EventType "tourn"]
[EventCountry "SWE"]
[SourceTitle "playchess.com"]
[Source "ChessBase"]
[SourceQuality "1"]
[TimeControl "40/5400+30:1800+30"]

1. e4 {[%emt 0:00:00]} c5 {[%emt 0:00:00]} 2. Nf3 {[%emt 0:00:00]} a6 {[%emt 0:00:00]} 3. c3 {[%emt 0:00:53]} e6 {[%emt 0:00:47]} 4. d4 {[%emt 0:00:38]} d5 {[%emt 0:00:05]} 5. e5 {[%emt 0:07:13]} Nc6 {[%emt 0:00:45]} 6. Be3 {[%emt 0:04:41]} Qb6 {[%emt 0:05:06]} 7. Qd2 {[%emt 0:01:19]} Nh6 {[%emt 0:01:14]} 8. dxc5 {[%emt 0:07:30]} Bxc5 {[%emt 0:00:15]} 9. Bxc5 {[%emt 0:00:13]} Qxc5 {[%emt 0:00:01]} 10. Bd3 {[%emt 0:03:54]} Ng4 {[%emt 0:01:12]} 11. Qe2 {[%emt 0:07:29]} f6 {[%emt 0:00:26]} 12. exf6 {[%emt 0:01:09]} Nxf6 {[%emt 0:00:01]} 13. O-O {[%emt 0:04:01]} O-O {[%emt 0:00:57]} 14. c4 {[%emt 0:15:29]} Nb4 {[%emt 0:12:05]} 15. Nbd2 {[%emt 0:01:07]} Nxd3 {[%emt 0:00:42]} 16. Qxd3 {[%emt 0:00:03]} dxc4 {[%emt 0:01:09]} 17. Qxc4 {[%emt 0:09:24]} Qxc4 {[%emt 0:00:08]} 18. Nxc4 {[%emt 0:00:10]} Bd7 {[%emt 0:02:41]} 19. Nfe5 {[%emt 0:04:00]} Bb5 {[%emt 0:00:18]} 20. Rfe1 {[%emt 0:00:37]} Bxc4 {[%emt 0:07:28]} 21. Nxc4 {[%emt 0:00:07]} Rfe8 {[%emt 0:01:39]} 22. Kf1 {[%emt 0:03:30]} Rad8 {[%emt 0:03:22]} 23. Re2 {[%emt 0:00:37]} Rd4 {[%emt 0:02:22]} 24. Ne5 {[%emt 0:02:53]} Red8 {[%emt 0:06:30]} 25. Ke1 {[%emt 0:01:39]} Rc8 {[%emt 0:01:08]} 26. g3 {[%emt 0:01:32]} Kf8 {[%emt 0:00:49]} 27. Rd1 {[%emt 0:01:42]} Rxd1+ {[%emt 0:00:13]} 28. Kxd1 {[%emt 0:00:04]} Ke7 {[%emt 0:00:19]} 29. f4 {[%emt 0:00:19]} Rd8+ {[%emt 0:00:40]} 30. Ke1 {[%emt 0:00:36]} Rc8 {[%emt 0:01:11]} 31. Nf3 {[%emt 0:01:10]} Kd6 {[%emt 0:01:20]} 32. Ng5 {[%emt 0:01:57]} Re8 {[%emt 0:00:08]} 33. Kf2 {[%emt 0:03:13]} h6 {[%emt 0:00:38]} 34. Nf3 {[%emt 0:01:51]} Nd7 {[%emt 0:03:54]} 35. Rd2+ {[%emt 0:00:32]} Kc7 {[%emt 0:01:19]} 36. Rc2+ {[%emt 0:00:44]} Kd6 {[%emt 0:00:35]} 37. Nd2 {[%emt 0:02:34]} Rb8 {[%emt 0:09:16]} 38. Kf3 {[%emt 0:02:23]} g6 {[%emt 0:02:32]} 39. Nc4+ {[%emt 0:05:31]} Ke7 {[%emt 0:00:06]} 40. Na5 {[%emt 0:01:02]} Kd6 {[%emt 0:00:56]} 41. Ke4 {[%emt 0:35:32]} g5 {[%emt 0:34:33]} 42. Nc4+ {[%emt 0:00:00]} Ke7 {[%emt 0:00:00]} 43. fxg5 {[%emt 0:00:00]} hxg5 {[%emt 0:00:00]} 44. Ne3 {[%emt 0:00:00]} Rh8 {[%emt 0:00:00]} 45. Ng4 {[%emt 0:00:00]} Nf6+ {[%emt 0:00:00]} 46. Kf3 {[%emt 0:00:00]} Nxg4 {[%emt 0:00:00]} 47. Kxg4 {[%emt 0:00:00]} Kf6 {[%emt 0:00:00]} 48. Rf2+ {[%emt 0:00:00]} Kg6 {[%emt 0:00:00]} 49. h4 {[%emt 0:00:00]} gxh4 {[%emt 0:00:00]} 50. gxh4 {[%emt 0:00:00]} Rd8 {[%emt 0:00:00]} 51. h5+ {[%emt 0:00:00]} Kg7 {[%emt 0:00:00]} 52. Kg5 {[%emt 0:00:00]} Rd5+ {[%emt 0:00:00]} 53. Kg4 {[%emt 0:00:00]} Rd4+ {[%emt 0:00:00]} 54. Kg5 {[%emt 0:00:00]} Rd5+ {[%emt 0:00:00]} 55. Kg4 {[%emt 0:00:04]} 1/2-1/2

[Event "Manhem Chess Week-GM 2019"]
[Site "Moelnlycke"]
[Date "2019.08.13"]
[Round "5.2"]
[White "Ahlander, Bjorn"]
[Black "Urkedal, Frode Olav Olsen"]
[Result "*"]
[WhiteElo "2391"]
[BlackElo "2566"]
[Annotator "ChessBase"]
[PlyCount "117"]
[EventDate "2019.08.10"]
[EventType "tourn"]
[EventCountry "SWE"]
[SourceTitle "playchess.com"]
[Source "ChessBase"]
[SourceQuality "1"]
[TimeControl "40/5400+30:1800+30"]

1. Nf3 {[%emt 0:00:00]} Nf6 {[%emt 0:00:00]} 2. c4 {[%emt 0:00:00]} e6 {[%emt 0:00:30]} 3. Nc3 {[%emt 0:00:00]} d5 {[%emt 0:00:19]} 4. d4 {[%emt 0:00:00]} Be7 {[%emt 0:00:27]} 5. Bg5 {[%emt 0:00:19]} h6 {[%emt 0:00:14]} 6. Bxf6 {[%emt 0:01:03]} Bxf6 {[%emt 0:00:05]} 7. e3 {[%emt 0:00:08]} O-O {[%emt 0:00:32]} 8. Rc1 {[%emt 0:00:18]} c6 {[%emt 0:00:14]} 9. Bd3 {[%emt 0:00:50]} Nd7 {[%emt 0:01:39]} 10. O-O {[%emt 0:00:18]} b6 {[%emt 0:09:12]} 11. cxd5 {[%emt 0:12:14]} exd5 {[%emt 0:04:30]} 12. e4 {[%emt 0:01:06]} dxe4 {[%emt 0:06:27]} 13. Nxe4 {[%emt 0:00:41]} c5 {[%emt 0:03:16]} 14. Bb5 {[%emt 0:17:10]} cxd4 {[%emt 0:06:07]} 15. Nxf6+ {[%emt 0:02:26]} Nxf6 {[%emt 0:03:31]} 16. Qxd4 {[%emt 0:00:05]} Bb7 {[%emt 0:01:37]} 17. Bc6 {[%emt 0:02:20]} Bxc6 {[%emt 0:01:12]} 18. Rxc6 {[%emt 0:00:21]} Qxd4 {[%emt 0:01:14]} 19. Nxd4 {[%emt 0:00:03]} Rfd8 {[%emt 0:00:07]} 20. Rc4 {[%emt 0:20:11]} Ne4 {[%emt 0:01:32]} 21. Nc6 {[%emt 0:01:54]} Nd2 {[%emt 0:00:07]} 22. Rc2 {[%emt 0:02:21]} Nxf1 {[%emt 0:05:28]} 23. Nxd8 {[%emt 0:00:35]} Ne3 {[%emt 0:03:52]} 24. fxe3 {[%emt 0:00:58]} Rxd8 {[%emt 0:00:08]} 25. h4 {[%emt 0:02:57]} Rd1+ {[%emt 0:05:27]} 26. Kf2 {[%emt 0:00:15]} Rb1 {[%emt 0:00:48]} 27. Kf3 {[%emt 0:06:27]} g6 {[%emt 0:04:00]} 28. b3 {[%emt 0:01:03]} Ra1 {[%emt 0:03:16]} 29. a4 {[%emt 0:03:05]} Rb1 {[%emt 0:00:50]} 30. Rc7 {[%emt 0:01:02]} a6 {[%emt 0:05:53]} 31. Rc3 {[%emt 0:00:58]} h5 {[%emt 0:01:42]} 32. Ke4 {[%emt 0:02:25]} b5 {[%emt 0:10:21]} 33. axb5 {[%emt 0:04:30]} axb5 {[%emt 0:00:12]} 34. g3 {[%emt 0:05:13]} Kg7 {[%emt 0:06:27]} 35. Kd4 {[%emt 0:03:33]} b4 {[%emt 0:01:31]} 36. Rd3 {[%emt 0:00:04]} Rc1 {[%emt 0:00:31]} 37. Ke4 {[%emt 0:01:38]} Rg1 {[%emt 0:01:44]} 38. Kf4 {[%emt 0:02:23]} Rf1+ {[%emt 0:06:47]} 39. Ke4 {[%emt 0:02:08]} Rg1 {[%emt 0:04:11]} 40. Kf3 {[%emt 0:02:33]} Rb1 {[%emt 0:00:15]} 41. Ke4 {[%emt 0:34:03]} Kf6 {[%emt 0:32:24]} 42. Kf4 {[%emt 0:00:00]} Rf1+ {[%emt 0:00:00]} 43. Ke4 {[%emt 0:00:00]} Ke6 {[%emt 0:00:00]} 44. Rd4 {[%emt 0:16:23]} f5+ {[%emt 0:00:00]} 45. Kd3 {[%emt 0:00:00]} Rf3 {[%emt 0:00:00]} 46. Rxb4 {[%emt 0:00:00]} Rxg3 {[%emt 0:00:00]} 47. Rb6+ {[%emt 0:00:00]} Kd5 {[%emt 0:00:00]} 48. Ke2 {[%emt 0:00:00]} Kc5 {[%emt 0:00:00]} 49. Rf6 {[%emt 0:00:00]} Kb4 {[%emt 0:00:00]} 50. Rb6+ {[%emt 0:00:00]} Kc3 {[%emt 0:00:00]} 51. Kf2 {[%emt 0:00:00]} Rg4 {[%emt 0:00:00]} 52. Kf3 {[%emt 0:00:09]} Kc2 {[%emt 0:00:00]} 53. Kf2 {[%emt 0:00:34]} Kd2 {[%emt 0:00:00]} 54. Rd6+ {[%emt 0:00:07]} Kc3 {[%emt 0:00:00]} 55. Rb6 {[%emt 0:00:03]} Kc2 {[%emt 0:00:00]} 56. Kf3 {[%emt 0:00:23]} Kd2 {[%emt 0:00:00]} 57. Kf2 {[%emt 0:01:05]} Rxh4 {[%emt 0:00:00]} 58. Rd6+ {[%emt 0:00:38]} Kc3 {[%emt 0:00:00]} 59. Rxg6 {[%emt 0:00:07]} *

[Event "Manhem Chess Week-GM 2019"]
[Site "Moelnlycke"]
[Date "2019.08.13"]
[Round "5.3"]
[White "Wiedenkeller, Michael"]
[Black "Golubka, Petro"]
[Result "1/2-1/2"]
[WhiteElo "2461"]
[BlackElo "2483"]
[Annotator "ChessBase"]
[PlyCount "24"]
[EventDate "2019.08.10"]
[EventType "tourn"]
[EventCountry "SWE"]
[SourceTitle "playchess.com"]
[Source "ChessBase"]
[SourceQuality "1"]
[TimeControl "40/5400+30:1800+30"]

1. d4 {[%emt 0:00:00]} Nf6 {[%emt 0:00:39]} 2. c4 {[%emt 0:00:00]} e6 {[%emt 0:00:06]} 3. Nc3 {[%emt 0:00:09]} Bb4 {[%emt 0:00:06]} 4. Qc2 {[%emt 0:00:19]} Nc6 {[%emt 0:00:06]} 5. Nf3 {[%emt 0:00:53]} d5 {[%emt 0:01:20]} 6. cxd5 {[%emt 0:06:47]} exd5 {[%emt 0:03:04]} 7. Bg5 {[%emt 0:00:57]} h6 {[%emt 0:02:55]} 8. Bxf6 {[%emt 0:04:18]} Qxf6 {[%emt 0:00:15]} 9. e3 {[%emt 0:02:50]} O-O {[%emt 0:02:14]} 10. a3 {[%emt 0:06:17]} Bf5 {[%emt 0:04:03]} 11. Bd3 {[%emt 0:00:45]} Bxc3+ {[%emt 0:00:55]} 12. Qxc3 {[%emt 0:04:06]} Bxd3 {[%emt 0:00:45]} 1/2-1/2

[Event "Manhem Chess Week-GM 2019"]
[Site "Moelnlycke"]
[Date "2019.08.13"]
[Round "5.4"]
[White "Vypkhaniuk, Ihor"]
[Black "Hector, Jonny"]
[Result "1/2-1/2"]
[WhiteElo "2402"]
[BlackElo "2487"]
[Annotator "ChessBase"]
[PlyCount "41"]
[EventDate "2019.08.10"]
[EventType "tourn"]
[EventCountry "SWE"]
[SourceTitle "playchess.com"]
[Source "ChessBase"]
[SourceQuality "1"]
[TimeControl "40/5400+30:1800+30"]

1. e4 {[%emt 0:00:03]} e5 {[%emt 0:00:00]} 2. Nf3 {[%emt 0:00:22]} Nc6 {[%emt 0:00:00]} 3. Nc3 {[%emt 0:00:35]} Nf6 {[%emt 0:00:12]} 4. Bb5 {[%emt 0:00:28]} Nd4 {[%emt 0:01:48]} 5. Nxd4 {[%emt 0:00:40]} exd4 {[%emt 0:00:08]} 6. e5 {[%emt 0:00:11]} dxc3 {[%emt 0:00:23]} 7. exf6 {[%emt 0:00:08]} Qxf6 {[%emt 0:00:21]} 8. dxc3 {[%emt 0:00:15]} Qe5+ {[%emt 0:01:00]} 9. Be2 {[%emt 0:01:09]} Bc5 {[%emt 0:07:46]} 10. O-O {[%emt 0:02:20]} O-O {[%emt 0:00:42]} 11. Bd3 {[%emt 0:01:37]} d5 {[%emt 0:04:17]} 12. Qf3 {[%emt 0:05:19]} Bd6 {[%emt 0:07:32]} 13. g3 {[%emt 0:00:22]} c6 {[%emt 0:14:32]} 14. Bd2 {[%emt 0:02:11]} Qe6 {[%emt 0:01:59]} 15. Qh5 {[%emt 0:04:35]} g6 {[%emt 0:05:28]} 16. Qh6 {[%emt 0:11:14]} Bd7 {[%emt 0:07:37]} 17. Rfe1 {[%emt 0:03:46]} Qh3 {[%emt 0:00:54]} 18. c4 {[%emt 0:03:27]} dxc4 {[%emt 0:03:38]} 19. Bxc4 {[%emt 0:01:13]} Rfe8 {[%emt 0:01:26]} 20. Qxh3 {[%emt 0:01:10]} Bxh3 {[%emt 0:00:09]} 21. Bh6 {[%emt 0:11:49]} 1/2-1/2

[Event "Manhem Chess Week-GM 2019"]
[Site "Moelnlycke"]
[Date "2019.08.13"]
[Round "5.5"]
[White "Lindgren, Philip"]
[Black "Haubro, Martin"]
[Result "1/2-1/2"]
[WhiteElo "2362"]
[BlackElo "2356"]
[Annotator "ChessBase"]
[PlyCount "20"]
[EventDate "2019.08.10"]
[EventType "tourn"]
[EventCountry "SWE"]
[SourceTitle "playchess.com"]
[Source "ChessBase"]
[SourceQuality "1"]
[TimeControl "40/5400+30:1800+30"]

1. c4 {[%emt 0:00:09]} e6 {[%emt 0:00:00]} 2. g3 {[%emt 0:02:27]} d5 {[%emt 0:00:00]} 3. d4 {[%emt 0:01:04]} Bb4+ {[%emt 0:04:03]} 4. Bd2 {[%emt 0:04:17]} Be7 {[%emt 0:00:05]} 5. Nf3 {[%emt 0:01:27]} Nf6 {[%emt 0:00:07]} 6. Bg2 {[%emt 0:00:53]} O-O {[%emt 0:00:07]} 7. Qc2 {[%emt 0:00:29]} Nbd7 {[%emt 0:00:08]} 8. O-O {[%emt 0:00:55]} Ne4 {[%emt 0:00:07]} 9. Bf4 {[%emt 0:10:22]} c6 {[%emt 0:00:04]} 10. Nc3 {[%emt 0:01:10]} g5 {[%emt 0:00:08]} 1/2-1/2

[Event "Manhem Chess Week-GM 2019"]
[Site "Moelnlycke"]
[Date "2019.08.14"]
[Round "6.1"]
[White "Golubka, Petro"]
[Black "Seo, Jung Min"]
[Result "0-1"]
[WhiteElo "2483"]
[BlackElo "2399"]
[Annotator "ChessBase"]
[PlyCount "118"]
[EventDate "2019.08.10"]
[EventType "tourn"]
[EventCountry "SWE"]
[SourceTitle "playchess.com"]
[Source "ChessBase"]
[SourceQuality "1"]
[TimeControl "40/5400+30:1800+30"]

1. e4 {[%emt 0:02:13]} c5 {[%emt 0:00:00]} 2. Nf3 {[%emt 0:00:23]} Nc6 {[%emt 0:00:59]} 3. Nc3 {[%emt 0:01:16]} d6 {[%emt 0:04:13]} 4. Bb5 {[%emt 0:02:27]} e5 {[%emt 0:05:58]} 5. d3 {[%emt 0:01:41]} Nf6 {[%emt 0:01:26]} 6. O-O {[%emt 0:00:53]} Be7 {[%emt 0:00:09]} 7. Bxc6+ {[%emt 0:08:08]} bxc6 {[%emt 0:00:24]} 8. Nd2 {[%emt 0:01:35]} Be6 {[%emt 0:00:24]} 9. Nc4 {[%emt 0:00:17]} O-O {[%emt 0:06:59]} 10. b3 {[%emt 0:03:11]} Nd7 {[%emt 0:03:26]} 11. Qf3 {[%emt 0:02:22]} Rc8 {[%emt 0:02:50]} 12. Ne3 {[%emt 0:02:59]} g6 {[%emt 0:02:35]} 13. Nf5 {[%emt 0:03:03]} gxf5 {[%emt 0:02:25]} 14. exf5 {[%emt 0:00:13]} Bd5 {[%emt 0:11:33]} 15. Nxd5 {[%emt 0:00:34]} cxd5 {[%emt 0:00:04]} 16. Bh6 {[%emt 0:00:10]} Bf6 {[%emt 0:00:38]} 17. Bxf8 {[%emt 0:00:46]} Qxf8 {[%emt 0:06:40]} 18. Qxd5 {[%emt 0:00:14]} Nb6 {[%emt 0:00:08]} 19. Qb7 {[%emt 0:00:55]} Qe7 {[%emt 0:00:59]} 20. Qf3 {[%emt 0:03:31]} d5 {[%emt 0:03:02]} 21. c4 {[%emt 0:06:20]} Kh8 {[%emt 0:04:09]} 22. Rae1 {[%emt 0:05:39]} Qd7 {[%emt 0:03:03]} 23. Qh5 {[%emt 0:06:12]} Rg8 {[%emt 0:01:27]} 24. Re3 {[%emt 0:07:25]} Rg5 {[%emt 0:02:22]} 25. Qh6 {[%emt 0:00:56]} Qxf5 {[%emt 0:00:04]} 26. Qf8+ {[%emt 0:03:18]} Rg8 {[%emt 0:00:01]} 27. Qxf7 {[%emt 0:00:54]} Qg6 {[%emt 0:01:16]} 28. Qxg6 {[%emt 0:00:09]} hxg6 {[%emt 0:00:21]} 29. h4 {[%emt 0:01:14]} Kg7 {[%emt 0:00:57]} 30. g3 {[%emt 0:00:07]} Rb8 {[%emt 0:08:12]} 31. Kg2 {[%emt 0:01:05]} dxc4 {[%emt 0:00:42]} 32. dxc4 {[%emt 0:03:03]} Rd8 {[%emt 0:00:01]} 33. g4 {[%emt 0:03:58]} Kf7 {[%emt 0:02:23]} 34. g5 {[%emt 0:02:32]} Bg7 {[%emt 0:00:05]} 35. f4 {[%emt 0:00:57]} Rd2+ {[%emt 0:09:16]} 36. Kh3 {[%emt 0:02:18]} Nd7 {[%emt 0:00:10]} 37. f5 {[%emt 0:11:36]} gxf5 {[%emt 0:00:09]} 38. Rxf5+ {[%emt 0:00:04]} Kg6 {[%emt 0:00:21]} 39. Rff3 {[%emt 0:00:38]} Rd4 {[%emt 0:00:56]} 40. a3 {[%emt 0:02:57]} Nf8 {[%emt 0:03:55]} 41. b4 {[%emt 0:31:50]} Ne6 {[%emt 0:37:42]} 42. bxc5 {[%emt 0:00:53]} Nxc5 {[%emt 0:00:26]} 43. Rf2 {[%emt 0:02:30]} a6 {[%emt 0:02:30]} 44. Rb2 {[%emt 0:01:51]} Kh5 {[%emt 0:00:07]} 45. Rb6 {[%emt 0:00:14]} Rxh4+ {[%emt 0:00:31]} 46. Kg2 {[%emt 0:00:09]} Rg4+ {[%emt 0:02:01]} 47. Kf2 {[%emt 0:01:35]} Kxg5 {[%emt 0:01:39]} 48. Rc6 {[%emt 0:00:21]} Rxc4 {[%emt 0:01:01]} 49. Rg3+ {[%emt 0:00:05]} Kf4 {[%emt 0:00:12]} 50. Rxc5 {[%emt 0:00:21]} Rxc5 {[%emt 0:00:05]} 51. Rxg7 {[%emt 0:00:02]} Rc2+ {[%emt 0:00:11]} 52. Ke1 {[%emt 0:00:04]} Ra2 {[%emt 0:00:09]} 53. Rh7 {[%emt 0:00:29]} Rxa3 {[%emt 0:00:08]} 54. Rh4+ {[%emt 0:00:09]} Kg5 {[%emt 0:00:04]} 55. Rc4 {[%emt 0:00:04]} Ra2 {[%emt 0:00:06]} 56. Kf1 {[%emt 0:00:05]} Kf5 {[%emt 0:00:11]} 57. Ke1 {[%emt 0:00:31]} e4 {[%emt 0:00:02]} 58. Kf1 {[%emt 0:00:10]} a5 {[%emt 0:00:04]} 59. Ke1 {[%emt 0:00:04]} a4 {[%emt 0:00:02]} 0-1